000 00957nam a2200265Ia 4500
003 OSt
005 20221005111423.0
006 a|||||r|||| 00| 0
007 ta
008 221004b |||||||| |||| 00| 0 hin d
020 _a978818143802 (pbk)
_cIndian Rupees 150
024 _a27897
037 _bGift, 05/10/2016,
_cTextual
040 _aCRL
_cCRL
_bhin
041 _2hin
_ahin
082 _aO152,6N19x, P8
100 _aबच्चन सिंह
245 0 _aसाहित्यिक निबंध
_b आधुनिक दृष्टिकोण
246 _aSāhityik nibandha: ādhunik dṛuṣhṭikoṇa
260 _aनई दिल्ली
_bवाणी प्रकाशन भारत
_c2008
300 _a192पृ0
_ccm.
650 _aहिन्दी साहित्य
942 _hO152,6N19x, P8
_cTEXL
_2cc
999 _c1021794
_d1021794